000 00284nam a2200097Ia 4500
001 1228930
005 20250827093051.0
008 250824s9999 xx 000 0 und d
245 0 _aZEPLİN TEYZENİN YILDIZLARI
_cASUMAN PORTAKAL
260 _bALTIN KİTAPLAR YAYINLARI
999 _c1228930
_d1228930